000 01375nam a2200241Ia 4500
999 _c51648
_d51648
001 18639
003 GE_BSU
005 20220919171650.0
008 181216s2013||||ge |||||||||||||| ||geo||
040 _cGE_BSU
041 _ageo
080 _a349.222 ზ-53
100 _aზენაიშვილი, ამირან
_99061
245 _aკოლექტიური შრომითი ხელშეკრულების სამართლებრივი ბუნება : დისერტაცია /
_cამირან ზენაიშვილი; სამეცნიერო ხელმძღვანელი გ. ლილუაშვილი; ქართულ ამერიკული უნივერსიტეტი.
264 _aთბილისი,
_c2013.
300 _a199 გვ.;
_b30 სმ.
653 _aდისერტაცია
653 _aკოლექტიური შრომითი ხელშეკრულების სამართლებრივი ბუნება.
653 _aსამართალი
700 _aლილუაშვილი, გ.
_eსამეცნიერო ხელმძღვანელი
_911521
710 _aქართულ ამერიკული უნივერსიტეტი
_911522
942 _cBK
_2udc